000 01228nam a22002772 4500
001 34642
003 BD-RjUL
005 20211209052206.0
008 140518s1959 ctu 001 0 eng d
035 _a(OCoLC)ocm25562392
_a(BD-RjUL)34736
040 _aBUQ
_cBUQ
_beng
_dBD-RjUL
041 _aeng
082 _a306.85097295
_bHIF 1959
100 1 _aHill, Reuben
_d1912-1985
_9105382
245 1 4 _aThe family and population control :
_ba Puerto Rican experiment in social change /
_cby Reuben Hill, J. Mayone Stycos, Kurt W. Back.
260 _aNew Haven, Conn.:
_bCollege & Univ. Press,
_c1959.
300 _axxvi, 481 p. ;
_c22 cm.
500 _aA Social Science Research Center Study, College of the Social Sciences, University of Puerto Rico, in cooperation with the Institute for Research in Social Science, Univ. of North Carolina.
504 _aIncludes index.
650 _aFamilies Puerto Rico
_9105383
700 1 _aStycos, J. Mayone.
_9105384
700 1 _aBack, Kurt W.
_9101008
710 2 _aUniversity of Puerto Rico (Río Piedras Campus).
_bSocial Science Research Center.
_9105385
710 2 _aUniversity of North Carolina (1793-1962).
_bInstitute for Research in Social Science.
_9105386
942 _2ddc
_cBK
999 _c34642
_d34642